000 00820cam a2200265 i 4500
001 107236
005 20230410102145.0
008 120619b1995 dr g 001 0 spa d
041 0 _aspa
050 1 4 _a118 PQ 7409
_bC569p 1995
100 1 _aCifré Navarro, Ramón,
_d1926-1980
245 1 0 _aPoemas postumos /
_cRamón Cifré Navarro; prol. Abelardo Vicioso
260 _aSanto Domingo :
_bEditora Corripio,
_c1995.
300 _a75 p. :
_c22cm.
440 0 _aColección Ediciones El Pez Rojo
500 _aEn la cubierta: Poemas postumos e iniciales
505 _aContiene: Poemas Postumos; --- Poemas Iniciales
650 4 _aLiteratura dominicana
650 4 _aPoesía dominicana
650 4 _aCFB
650 4 _aColección Font Bernard
700 1 _aVicioso Abelardo.
942 _2lcc
_cbk
946 _aPP
999 _c20151
_d20151